Statistics for Countries that have beaten Brazil at FIFA World Cup

Click here to take the quiz!

General Stats

  • This quiz has been taken 669 times
    (225 since last reset)
  • The average score is 15 of 19

Answer Stats

Hint Answer % Correct
20141-7Germany
98%
19980-3France
96%
19861-2 (pen.)France
96%
19900-1Argentina
96%
20060-1France
96%
19822-3Italy
95%
19381-2Italy
95%
20140-3Holland
93%
19740-2Holland
93%
20101-2Holland
93%
19501-2Uruguay
92%
19341-3Spain
77%
19661-3Portugal
75%
20181-2Belgium
64%
19661-3Hungary
62%
19542-4Hungary
62%
19740-1Poland
59%
19301-2Yugoslavia
46%
19981-2Norway
43%

Score Distribution

Percentile by Number Answered

Percent of People with Each Score

Your Score History

You have not taken this quiz since the last reset